Reke - Maribor, Prekmurje - Statistics

General Stats
  • This quiz has been taken 146 times
  • The average score is 8 of 9
Answers on the Map
Answers color-coded by a green-red scale on the quiz's map according to % correct below.
 
Answer Stats
Answer % Correct
Ledava
96%
Dravinja
95%
Pesnica
95%
Mura
92%
Ščavnica
89%
Drava
87%
Žetale
85%
Lobnica
82%
Velika Krka
80%
No matching quizzes found
Score Distribution
Percent of People with Each Score
Percentile by Number Answered
Your Score History
You have not taken this quiz